| 000 | 01188cam a22003014a 4500 | ||
|---|---|---|---|
| 999 |
_c332402 _d332402 |
||
| 001 | 15351920 | ||
| 003 | NUST | ||
| 005 | 20171204094305.0 | ||
| 008 | 080702s2008 gw a b 001 0 eng | ||
| 010 | _a 2008932378 | ||
| 020 | _a9783540707752 (alk. paper) | ||
| 040 |
_aDLC _cDLC _dDLC |
||
| 050 | 0 | 0 |
_aTD878 _b.M557 2008 |
| 082 | 0 | 0 |
_a628.55 MIR _222 |
| 100 | 1 |
_aMirsal, Ibrahim A., _d1939- _96884 |
|
| 245 | 1 | 0 |
_aSoil pollution : _borigin, monitoring & remediation / _cIbrahim A. Mirsal. |
| 250 | _a2nd ed. | ||
| 260 |
_aBerlin : _bSpringer , _cc2008. |
||
| 300 |
_axv, 312 p. : _bill. ; _c24 cm. |
||
| 500 | _aH.B | ||
| 504 | _aIncludes bibliographical references (p. [283]-299) and index. | ||
| 650 | 0 |
_aSoil pollution. _96517 |
|
| 650 | 0 |
_aSoil remediation. _96465 |
|
| 650 | 0 |
_aSoils. _96885 |
|
| 856 | 4 | 2 |
_3Publisher description _uhttp://www.loc.gov/catdir/enhancements/fy0824/2007921991-d.html |
| 856 | 4 | 1 |
_3Table of contents only _uhttp://www.loc.gov/catdir/enhancements/fy0824/2007921991-t.html |
| 906 |
_a7 _bcbc _corignew _d2 _eepcn _f20 _gy-gencatlg |
||
| 942 |
_2ddc _cBK _kIESE |
||